00965nam a2200205 a 450000100060000000300090000600800410001502000150005604000280007108200200009910000240011924500500014326000230019330000100021650503530022665000350057965000500061465000430066465000520070722735CO-ViMGA141112s2004 ck r 000 u spa d a9586903966 aCO-ViMGAbspacCO-ViMGA04a342.02861 A548p1 aAngulo Bossa, Jaime10aEl preámbulo de la constitución nacional aColombia : bLeyer a541p. aDiccionario cientifico de neologismos politico - constitucionales, Esquema del gran proceso estatu - constituyente universal, Esquema del gran estatu - constituyente universal "segmento inicial", Filosofia - ideologia y derecho en los preambulos constitucionales " el individualismo", El socialismo y el fascismo, El democratismo, Actas preambulos14aCONTROL DE CONSTITUCIONALIDAD 14aDERECHO CONSTITUCIONAL - HISTORIA Y CRITICA 14aGARANTIAS CONSTITUCIONALES - COLOMBIA 14aREFORMAS CONSTITUCIONALES - HISTORIA Y CRITICA